[Event "Aktiv-Alliancen 2001"]
[Site "Taastrup"]
[Date "2001.02.10"]
[Round "8"]
[White "Nielsen, Michael"]
[Black "Lund, Silas"]
[Result "0-1"]
[WhiteElo "1739"]
[BlackElo "2261"]
[PlyCount "104"]
[EventDate "2001.??.??"]

1. e4 c6 2. d4 d5 3. exd5 cxd5 4. c4 Nf6 5. Nc3 e6 6. c5 Nc6 7. Bb5 Be7 8. Bf4
O-O 9. Nf3 Ne4 10. Nxe4 dxe4 11. Bxc6 bxc6 12. Ne5 Qd5 13. Qa4 Bb7 14. O-O g5
15. Be3 f6 16. Nc4 Rf7 17. f3 exf3 18. Rxf3 g4 19. Rf2 Rd8 20. Qxa7 Qxc4 21.
Qxb7 Qd3 22. Re1 Bxc5 23. Qxc6 Bb4 24. Qc1 Bxe1 25. Qxe1 Re8 26. Rd2 Qe4 27. a3
e5 28. dxe5 Qxe5 29. Re2 Rfe7 30. Qb4 h5 31. Re1 Qd5 32. Bd2 Rxe1+ 33. Bxe1 Re2
34. Qb8+ Kh7 35. Qg3 Qd4+ 36. Kf1 Rxb2 37. Qc3 Qf4+ 38. Kg1 Re2 39. Qd3+ Qe4
40. Qxe4+ Rxe4 41. Bb4 Kg6 42. g3 Kf5 43. Kf2 Ke6 44. Bc3 f5 45. Bd2 Kd5 46.
Bg5 Kc4 47. Bf4 Kd3 48. Bd6 Rc4 49. Bf4 h4 50. Bd6 h3 51. Bb8 Rc2+ 52. Kg1 Ke2
0-1

[Event "Aktiv-Alliancen 2001"]
[Site "Taastrup"]
[Date "2001.02.10"]
[Round "8"]
[White "Nielsen, Borge Hjerrild"]
[Black "Nielsen, John Holm"]
[Result "1-0"]
[WhiteElo "2125"]
[BlackElo "1947"]
[PlyCount "119"]
[EventDate "2001.??.??"]

1. d4 d5 2. c4 e6 3. Nc3 Nf6 4. Bg5 Be7 5. e3 O-O 6. Nf3 Nbd7 7. Rc1 c6 8. Qc2
Re8 9. Be2 dxc4 10. Bxc4 b5 11. Bb3 Bb7 12. O-O Rc8 13. Qe2 a6 14. Rfd1 Nd5 15.
Bxe7 Qxe7 16. Nxd5 cxd5 17. Ne1 Rc6 18. Rxc6 Bxc6 19. Rc1 Rc8 20. Nd3 Bb7 21.
Rxc8+ Bxc8 22. Qc2 Qd8 23. Qc6 Nb8 24. Qc5 Nd7 25. Qd6 Qb6 26. Qe7 Nf8 27. Nc5
Qc6 28. h3 h6 29. Bc2 g6 30. a4 Kg7 31. a5 Nd7 32. b4 Nxc5 33. Qxc5 Qxc5 34.
dxc5 Bb7 35. f4 Kf6 36. Kf2 Bc6 37. g3 Ke7 38. Ke2 Kf6 39. e4 e5 40. exd5 Bxd5
41. Ke3 Ke6 42. fxe5 Kxe5 43. Bd1 Be6 44. h4 f5 45. Bf3 Bc8 46. Bc6 g5 47. Be8
f4+ 48. gxf4+ gxf4+ 49. Kf3 Bf5 50. Bc6 Bc8 51. Ba8 h5 52. Kf2 Ke6 53. Bf3 Ke5
54. Bxh5 Bd7 55. Bf3 Kd4 56. Bb7 Kc3 57. c6 Bg4 58. c7 Kxb4 59. h5 Kxa5 60. h6
1-0

[Event "Aktiv-Alliancen 2001"]
[Site "Taastrup"]
[Date "2001.02.10"]
[Round "8"]
[White "Nilsson, Nils Specht"]
[Black "Pedersen, Bent O"]
[Result "1-0"]
[WhiteElo "2214"]
[BlackElo "1696"]
[PlyCount "69"]
[EventDate "2001.??.??"]

1. e4 c5 2. Nf3 g6 3. c3 Bg7 4. d4 cxd4 5. cxd4 Nc6 6. Nc3 d6 7. Be3 Bg4 8. d5
Ne5 9. Bb5+ Bd7 10. Bxd7+ Nxd7 11. O-O Ngf6 12. Qb3 O-O 13. a4 b6 14. Qc2 Rc8
15. Nd4 Nb8 16. f3 Nfd7 17. Qf2 Nc5 18. Ncb5 Qd7 19. b4 Nca6 20. Rab1 Rc4 21.
Rfc1 Rfc8 22. Rxc4 Rxc4 23. Qd2 e5 24. dxe6 fxe6 25. Na3 Rc8 26. Ndb5 d5 27.
exd5 Qxd5 28. Nxa7 Qxd2 29. Bxd2 Bd4+ 30. Kf1 Rd8 31. N7b5 Be5 32. Be3 Nc6 33.
Bxb6 Rd5 34. Nc2 Bc3 35. Nxc3 1-0

[Event "Aktiv-Alliancen 2001"]
[Site "Taastrup"]
[Date "2001.02.10"]
[Round "8"]
[White "Pallesen, Jacob"]
[Black "Karlsen, Arne"]
[Result "1/2-1/2"]
[WhiteElo "2108"]
[BlackElo "2017"]
[PlyCount "67"]
[EventDate "2001.??.??"]

1. d4 d5 2. Bg5 h6 3. Bh4 c6 4. e3 Bf5 5. Bd3 Bxd3 6. Qxd3 Qb6 7. b3 e6 8. Nf3
Ne7 9. O-O Nf5 10. c4 Nxh4 11. Nxh4 Qd8 12. Nf3 Bd6 13. Nc3 O-O 14. c5 Bc7 15.
b4 Nd7 16. b5 e5 17. Qc2 e4 18. Nd2 Nf6 19. Rfb1 Re8 20. bxc6 bxc6 21. Rb7 Re6
22. g3 Ng4 23. h3 Nxe3 24. fxe3 Bxg3 25. Ndxe4 dxe4 26. Nxe4 Bh4 27. Rf1 Rg6+
28. Kh2 f6 29. Nd6 Bg3+ 30. Kh1 Rg5 31. Qb3+ Kh7 32. Qd3+ Kg8 33. Qb3+ Kh7 34.
Qd3+ 1/2-1/2

[Event "Aktiv-Alliancen 2001"]
[Site "Taastrup"]
[Date "2001.02.10"]
[Round "8"]
[White "Petersen, Nils"]
[Black "Tolstrup, Thomas"]
[Result "0-1"]
[WhiteElo "2039"]
[BlackElo "1948"]
[PlyCount "86"]
[EventDate "2001.??.??"]

1. c4 Nf6 2. Nc3 c5 3. Nf3 g6 4. d4 cxd4 5. Nxd4 Bg7 6. e4 Nc6 7. Be3 O-O 8.
Be2 d6 9. O-O Bd7 10. Qd2 Nxd4 11. Bxd4 Bc6 12. Bf3 a5 13. Nd5 Nd7 14. Bxg7
Kxg7 15. Qd4+ e5 16. Qd2 Nc5 17. b3 Ne6 18. Nc3 Nd4 19. Ne2 Nxf3+ 20. gxf3 f5
21. Nc3 fxe4 22. fxe4 Rf4 23. f3 Qf6 24. Qe2 Rf8 25. Kg2 Qg5+ 26. Kh1 Qh5 27.
Rad1 Rxf3 28. Rxf3 Rxf3 29. Rd3 Rxd3 30. Qxd3 Qg5 31. Ne2 Qg4 32. Ng3 h5 33.
Qxd6 h4 34. Qxe5+ Kf7 35. Qc7+ Ke8 36. Qe5+ Kd7 37. Qg7+ Kd6 38. c5+ Kxc5 39.
Qc3+ Kb6 40. Qd4+ Ka6 41. Qd3+ Ka7 42. Qd4+ b6 43. Qc4 hxg3 0-1

[Event "Aktiv-Alliancen 2001"]
[Site "Taastrup"]
[Date "2001.02.10"]
[Round "8"]
[White "Simonsen, Per"]
[Black "Auchenberg, Per"]
[Result "0-1"]
[WhiteElo "1852"]
[BlackElo "1834"]
[PlyCount "68"]
[EventDate "2001.??.??"]

1. d4 c5 2. d5 e5 3. e4 d6 4. c4 Nf6 5. Nc3 Be7 6. f3 Nbd7 7. Be3 O-O 8. Qd2 a6
9. g4 Ne8 10. g5 Nc7 11. Bd3 Re8 12. Nge2 Nf8 13. h4 Bd7 14. O-O-O b5 15. Rdg1
bxc4 16. Bxc4 Nb5 17. Bxb5 axb5 18. Bxc5 Qa5 19. b4 Qa3+ 20. Kd1 dxc5 21. d6
Bxd6 22. Qxd6 Be6 23. Ke1 cxb4 24. Nxb5 Qxf3 25. Qxb4 Rxa2 26. Nbc3 Ra1+ 27.
Kd2 Rd8+ 28. Kc2 Raa8 29. Rd1 Rdc8 30. Rhe1 Rab8 31. Qd6 Bb3+ 32. Kc1 Rxc3+ 33.
Kb2 Rc2+ 34. Ka3 Ra2# 0-1

[Event "Aktiv-Alliancen 2001"]
[Site "Taastrup"]
[Date "2001.02.10"]
[Round "8"]
[White "Al Saad, Mofid"]
[Black "Nielsen, Jens Holm"]
[Result "0-1"]
[WhiteElo "1515"]
[BlackElo "2071"]
[PlyCount "92"]
[EventDate "2001.??.??"]

1. c4 e5 2. Nc3 Nf6 3. g3 d5 4. Bg2 c6 5. d4 dxc4 6. dxe5 Qxd1+ 7. Kxd1 Ng4 8.
Nh3 Nxe5 9. f4 Ng4 10. Kc2 Nd7 11. Ng5 h6 12. Nf3 Nc5 13. Nd4 Bd7 14. h3 Nf6
15. e4 O-O-O 16. Be3 Nfxe4 17. Nxe4 Nxe4 18. Bxe4 Re8 19. Bf5 Rxe3 20. Bxd7+
Kxd7 21. Rad1 Kc7 22. Nf5 Rd3 23. Rxd3 cxd3+ 24. Kxd3 g6 25. Ne3 Bg7 26. b3
Rd8+ 27. Kc2 Bd4 28. Ng4 h5 29. Nh6 Rf8 30. g4 Bg7 31. g5 Bxh6 32. gxh6 Rh8 33.
f5 gxf5 34. Rg1 Rxh6 35. Rg7 Rf6 36. Kd3 f4 37. Ke2 f3+ 38. Kf2 Rf5 39. Rg3 Kd6
40. Rg8 Kc5 41. a3 Kd4 42. Rg3 Kc3 43. Rxf3+ Rxf3+ 44. Kxf3 Kxb3 45. Kf4 c5 46.
Kf5 c4 0-1

[Event "Aktiv-Alliancen 2001"]
[Site "Taastrup"]
[Date "2001.02.10"]
[Round "8"]
[White "Moller, Arne Vagn"]
[Black "Schmidt, Horst Hubert"]
[Result "1-0"]
[WhiteElo "2026"]
[BlackElo "2025"]
[PlyCount "125"]
[EventDate "2001.??.??"]

1. e4 d6 2. d4 Nf6 3. Nc3 g6 4. h3 Bg7 5. Be3 O-O 6. f4 e6 7. Bd3 b6 8. Nge2
Na6 9. a3 c5 10. O-O Bb7 11. Ng3 cxd4 12. Bxd4 Nc5 13. Be3 d5 14. e5 Nfe4 15.
Ngxe4 Nxe4 16. Ne2 Rc8 17. Nd4 a6 18. c3 Kh8 19. Qe1 b5 20. Rd1 Qe7 21. Rf3 f6
22. Qh4 Qf7 23. g4 Qg8 24. exf6 Bxf6 25. g5 Bg7 26. Qg4 Rce8 27. Rdf1 Nd6 28.
Qh4 Nc4 29. Bxg6 Re7 30. Bb1 Nxe3 31. Rxe3 Bxd4 32. cxd4 Qg7 33. Re5 Ref7 34.
Kh2 Bc8 35. g6 Rf6 36. Qxh7+ Qxh7 37. gxh7 Rxf4 38. Rxf4 Rxf4 39. Rg5 Rf8 40.
Kg3 a5 41. h4 b4 42. h5 bxa3 43. bxa3 Ba6 44. Rg8+ Rxg8+ 45. hxg8=Q+ Kxg8 46.
Kf4 Kg7 47. Ke5 Bc8 48. Kd6 Kh6 49. Bd3 Bb7 50. Bg6 Bc8 51. Bf7 Kg7 52. Bxe6
Ba6 53. Bxd5 Be2 54. Ke7 Bxh5 55. Be4 Bg4 56. d5 Kh6 57. d6 Kg5 58. d7 Bxd7 59.
Kxd7 Kf4 60. Bc6 Ke5 61. a4 Kd4 62. Kc7 Kc5 63. Bb5 1-0

[Event "Aktiv-Alliancen 2001"]
[Site "Taastrup"]
[Date "2001.02.10"]
[Round "8"]
[White "Zyde, Fadmal"]
[Black "Jensen, Jan Kargaard"]
[Result "1-0"]
[WhiteElo "1700"]
[BlackElo "1502"]
[PlyCount "45"]
[EventDate "2001.??.??"]

1. e4 d6 2. d4 Nf6 3. Nc3 g6 4. Bd3 Bg7 5. Nf3 Nbd7 6. Be3 c6 7. Qd2 O-O 8. Bh6
e5 9. Bxg7 Kxg7 10. dxe5 dxe5 11. h4 Nh5 12. g4 Nf4 13. O-O-O Qe7 14. h5 Nc5
15. Rdg1 b5 16. Ne2 Rd8 17. Nxf4 exf4 18. Qc3+ f6 19. g5 Nxd3+ 20. cxd3 Bb7 21.
hxg6 hxg6 22. gxf6+ Qxf6 23. Rh7+ 1-0

[Event "Aktiv-Alliancen 2001"]
[Site "Taastrup"]
[Date "2001.02.10"]
[Round "8"]
[White "Madhy, Nezar"]
[Black "Hau, Helge"]
[Result "0-1"]
[WhiteElo "1650"]
[BlackElo "1479"]
[PlyCount "74"]
[EventDate "2001.??.??"]

1. d4 f5 2. e4 fxe4 3. Nc3 Nf6 4. Bg5 d6 5. Bxf6 exf6 6. Nxe4 d5 7. Ng3 Nc6 8.
Bb5 Be7 9. Qh5+ Kf8 10. c3 g6 11. Qh6+ Kf7 12. Bd3 Qf8 13. Qe3 Bd7 14. N1e2 Bd6
15. O-O Ne7 16. Rfe1 h5 17. h4 Re8 18. Qd2 Qh6 19. Qc2 Rhg8 20. Qb3 b6 21. Ne4
Bf4 22. g3 g5 23. Kh1 Bd6 24. Nxd6+ cxd6 25. hxg5 fxg5 26. Be4 Be6 27. Bg2 h4
28. Kg1 h3 29. Bf3 g4 30. Nf4 gxf3 31. Nxe6 h2+ 32. Kh1 Rg4 33. Nc7 Qh3 34.
Rxe7+ Rxe7 35. Qxd5+ Kg7 36. Qxf3 Rge4 37. Qd1 Rxc7 0-1

[Event "Aktiv-Alliancen 2001"]
[Site "Taastrup"]
[Date "2001.02.10"]
[Round "8"]
[White "Foslund, Peter"]
[Black "Helleberg, Jorgen"]
[Result "1-0"]
[WhiteElo "1649"]
[BlackElo "1453"]
[PlyCount "47"]
[EventDate "2001.??.??"]

1. c4 c5 2. Nc3 g6 3. Nf3 Bg7 4. g3 e6 5. Bg2 Nc6 6. d3 Nge7 7. Be3 O-O 8. O-O
d5 9. Bxc5 Qc7 10. cxd5 exd5 11. d4 a6 12. Rc1 Re8 13. e3 Bg4 14. Bxe7 Qxe7 15.
Nxd5 Qd6 16. Nf4 Rac8 17. Qd2 Red8 18. Nd3 Bh6 19. Nfe5 Be6 20. Nxc6 bxc6 21.
Qa5 Bd5 22. Rc3 f5 23. Rfc1 g5 24. Bxd5+ 1-0

[Event "Aktiv-Alliancen 2001"]
[Site "Taastrup"]
[Date "2001.02.10"]
[Round "8"]
[White "Theander, Stig"]
[Black "Bekker Jensen, Dorte"]
[Result "1-0"]
[WhiteElo "1564"]
[BlackElo "1217"]
[PlyCount "31"]
[EventDate "2001.??.??"]

1. e4 c5 2. Nf3 d6 3. d4 cxd4 4. Nxd4 Nf6 5. Nc3 a6 6. Bg5 e6 7. Qf3 Nbd7 8.
O-O-O Be7 9. h4 Nc5 10. e5 Nfd7 11. Bxe7 Qxe7 12. exd6 Qxd6 13. Ndb5 Qb6 14.
Nd6+ Ke7 15. Qxf7+ Kd8 16. Qxg7 1-0

[Event "Aktiv-Alliancen 2001"]
[Site "Taastrup"]
[Date "2001.02.10"]
[Round "8"]
[White "Sandbech, Ted"]
[Black "Foslund, Kasper"]
[Result "0-1"]
[WhiteElo "1691"]
[BlackElo "1381"]
[PlyCount "92"]
[EventDate "2001.??.??"]

1. Nf3 c5 2. e4 Nc6 3. d4 cxd4 4. Nxd4 d6 5. Nxc6 bxc6 6. Be2 g6 7. Bd2 Bg7 8.
Nc3 Nf6 9. O-O O-O 10. Re1 Rb8 11. Rb1 Bb7 12. Bf3 Nd7 13. Qc1 Ne5 14. Be2 Qc8
15. h3 c5 16. f4 Nc6 17. Bb5 Nd4 18. Bc4 e5 19. Nd5 Kh8 20. c3 Nc6 21. Bd3 exf4
22. Bxf4 Ne5 23. Be2 f5 24. Bh6 fxe4 25. Bxg7+ Kxg7 26. Ne3 d5 27. Ng4 Nxg4 28.
Bxg4 Qc6 29. Qg5 Qf6 30. Qxf6+ Rxf6 31. Rf1 Rbf8 32. Be2 Rxf1+ 33. Rxf1 Rxf1+
34. Kxf1 Kf6 35. Ke1 d4 36. g3 g5 37. Bg4 h6 38. Kd2 Ke5 39. a3 a5 40. Bd7 Ba6
41. Bg4 e3+ 42. Kd1 d3 43. b3 c4 44. b4 axb4 45. axb4 Bb5 46. Ke1 Ke4 0-1

[Event "Aktiv-Alliancen 2001"]
[Site "Taastrup"]
[Date "2001.02.10"]
[Round "8"]
[White "Lauritsen, Martin Lee"]
[Black "Holtzmann, Sonny"]
[Result "0-1"]
[WhiteElo "1166"]
[BlackElo "1665"]
[PlyCount "128"]
[EventDate "2001.??.??"]

1. e4 Nf6 2. e5 Nd5 3. c4 Nb6 4. Nc3 d6 5. exd6 cxd6 6. d3 g6 7. g3 Bg7 8. Nge2
Bg4 9. Bg2 Qc8 10. h3 Bd7 11. Be3 Bc6 12. Nd5 N8d7 13. O-O e6 14. Nxb6 Nxb6 15.
Bxb6 Bxg2 16. Kxg2 Qc6+ 17. Kh2 Qxb6 18. Rb1 O-O 19. Qd2 Rfd8 20. b4 Qc7 21.
Rfc1 Qd7 22. h4 h5 23. d4 Kh7 24. Qd3 e5 25. d5 f5 26. f4 e4 27. Qe3 b6 28. Nd4
Bxd4 29. Qxd4 Qg7 30. Qxg7+ Kxg7 31. Kg2 a5 32. Rc2 Rab8 33. Kf2 Kf6 34. a4
Rdc8 35. Ke3 Ke7 36. Kd4 Kd7 37. Rcb2 Kc7 38. bxa5 bxa5 39. Rb5 Re8 40. c5 Rxb5
41. cxd6+ Kxd6 42. Rxb5 e3 43. Rb6+ Kc7 44. Rb1 e2 45. Re1 Kd6 46. Kc4 Re4+ 47.
Kb5 Kxd5 48. Kxa5 Kd4 49. Kb6 Ke3 50. a5 Kf2 51. a6 Kxe1 52. a7 Ra4 53. Kb7 Kf2
54. g4 hxg4 55. h5 Rxa7+ 56. Kxa7 gxh5 57. Kb6 e1=Q 58. Kc5 Qe4 59. Kb5 Qd4 60.
Kc6 g3 61. Kb5 g2 62. Kc6 g1=Q 63. Kb5 Qb1+ 64. Ka5 Qda1# 0-1

[Event "Aktiv-Alliancen 2001"]
[Site "Taastrup"]
[Date "2001.02.10"]
[Round "8"]
[White "Carlsen, Tonny"]
[Black "Holst, Thorsten"]
[Result "1-0"]
[WhiteElo "1443"]
[BlackElo "1535"]
[PlyCount "91"]
[EventDate "2001.??.??"]

1. d4 Nf6 2. c4 e6 3. Nc3 d5 4. Bg5 Be7 5. Nf3 Nbd7 6. e3 O-O 7. cxd5 exd5 8.
Bd3 c6 9. O-O Re8 10. Qc2 h6 11. Bh4 Nh5 12. Bxe7 Qxe7 13. Bf5 Nb6 14. b3 Nf6
15. Bxc8 Nxc8 16. Ne5 Nd6 17. f3 Nd7 18. Nxd7 Qxd7 19. Qd3 Nf5 20. Rae1 g6 21.
Rf2 Re6 22. Rfe2 Rae8 23. a4 Qd8 24. Nd1 h5 25. Nf2 Nh4 26. e4 dxe4 27. fxe4 g5
28. g3 Ng6 29. e5 f5 30. Qxf5 Qxd4 31. Qxg5 Rf8 32. Qe3 Qxe3 33. Rxe3 Rd8 34.
Nh3 Rd5 35. Nf4 Nxf4 36. gxf4 Rg6+ 37. Kf2 Rd4 38. f5 Rd2+ 39. R1e2 Rxe2+ 40.
Rxe2 Rg5 41. f6 Rf5+ 42. Kg3 Kf7 43. e6+ Ke8 44. f7+ Ke7 45. Re3 c5 46. Rf3 1-0

[Event "Aktiv-Alliancen 2001"]
[Site "Taastrup"]
[Date "2001.02.10"]
[Round "8"]
[White "Christensen, Aage Niels"]
[Black "Rosenkilde, Alexander"]
[Result "1/2-1/2"]
[WhiteElo "1466"]
[BlackElo "1195"]
[PlyCount "47"]
[EventDate "2001.??.??"]

1. e4 c5 2. c3 Nf6 3. e5 Nd5 4. Nf3 e6 5. d4 d6 6. c4 Nc7 7. Nc3 cxd4 8. Qxd4
Nc6 9. Qd2 dxe5 10. Qxd8+ Kxd8 11. a3 f6 12. Be3 Ke7 13. b4 b6 14. Be2 Kf7 15.
O-O Be7 16. Rfd1 Rd8 17. Rxd8 Bxd8 18. Rd1 Be7 19. Ne4 Ke8 20. Nd6+ Bxd6 21.
Rxd6 Bb7 22. c5 bxc5 23. Bxc5 Rd8 24. Rxd8+ 1/2-1/2

[Event "Aktiv-Alliancen 2001"]
[Site "Taastrup"]
[Date "2001.02.10"]
[Round "8"]
[White "Pedersen, Ole"]
[Black "Hansen, Alexei"]
[Result "1-0"]
[WhiteElo "1459"]
[BlackElo "1095"]
[PlyCount "61"]
[EventDate "2001.??.??"]

1. c4 d6 2. e3 e5 3. g3 Nc6 4. Bg2 Bf5 5. d3 Nb4 6. e4 Be6 7. Ne2 Be7 8. O-O
Nf6 9. Qb3 c5 10. a3 Nc6 11. Qxb7 Nd4 12. Nxd4 cxd4 13. Qb3 O-O 14. Qc2 Qd7 15.
Qe2 Rab8 16. Nd2 Ng4 17. Rb1 f5 18. exf5 Bxf5 19. Ne4 Bxe4 20. Qxe4 Nf6 21. Qe2
Rfe8 22. Bg5 h6 23. Bxf6 Bxf6 24. Be4 Rb3 25. Qh5 Reb8 26. Qg6 Rxb2 27. Rxb2
Rxb2 28. Qh7+ Kf7 29. Bd5+ Ke7 30. Qg8 Ra2 31. Rb1 1-0

[Event "Aktiv-Alliancen 2001"]
[Site "Taastrup"]
[Date "2001.02.10"]
[Round "8"]
[White "Skjoldan, Benjamin"]
[Black "Jensen, Dan Bronnum"]
[Result "1-0"]
[WhiteElo "1677"]
[BlackElo "1364"]
[PlyCount "73"]
[EventDate "2001.??.??"]

1. d4 Nf6 2. Nf3 d5 3. c4 c6 4. Nc3 Bf5 5. Qb3 b6 6. Bf4 e6 7. Qa4 Bd6 8. Bxd6
Qxd6 9. e3 O-O 10. Nh4 Bg6 11. Nxg6 fxg6 12. Be2 dxc4 13. Bf3 Nd5 14. Qxc4 b5
15. Qb3 Nd7 16. O-O Qe7 17. Rac1 Rac8 18. Kh1 a5 19. Nxd5 exd5 20. a4 b4 21. e4
Kh8 22. exd5 cxd5 23. Qxd5 Nb6 24. Qxa5 Nc4 25. Qd5 Nxb2 26. Qb3 Rxc1 27. Rxc1
Re8 28. h3 Nxa4 29. Qxa4 Rd8 30. d5 h6 31. Qc2 g5 32. Qc5 Qb7 33. Qc7 Qxc7 34.
Rxc7 Rb8 35. d6 b3 36. d7 b2 37. Rc8+ 1-0

[Event "Aktiv-Alliancen 2001"]
[Site "Taastrup"]
[Date "2001.02.10"]
[Round "8"]
[White "Jacobsen, Jesper Howalt"]
[Black "Nielsen, Richard Hjort"]
[Result "0-1"]
[WhiteElo "1304"]
[BlackElo "1453"]
[PlyCount "68"]
[EventDate "2001.??.??"]

1. e4 c5 2. f4 d6 3. Nf3 g6 4. g3 Bg7 5. Bg2 Nf6 6. Nc3 O-O 7. O-O Bg4 8. d3
Nc6 9. Qe1 Bxf3 10. Bxf3 Nd4 11. Qf2 Rb8 12. Be3 Nd7 13. a4 a6 14. b3 Nxf3+ 15.
Qxf3 Bxc3 16. Ra2 b5 17. f5 Ne5 18. Qg2 Ng4 19. Bc1 Bd4+ 20. Kh1 Qb6 21. h3 Ne3
22. Bxe3 Bxe3 23. Qf3 Bd4 24. axb5 axb5 25. c3 Bxc3 26. Rh2 Bg7 27. h4 c4 28.
h5 cxb3 29. Qg4 b2 30. hxg6 fxg6 31. Qh3 h6 32. Qg4 Ra8 33. Qxg6 Rf6 34. Qg4
Ra1 0-1

[Event "Aktiv-Alliancen 2001"]
[Site "Taastrup"]
[Date "2001.02.10"]
[Round "8"]
[White "Leopold, Claus Ulrich"]
[Black "Madsen, Ole Bang"]
[Result "1/2-1/2"]
[WhiteElo "1296"]
[BlackElo "1413"]
[PlyCount "76"]
[EventDate "2001.??.??"]

1. d4 Nf6 2. c4 d5 3. Nc3 e6 4. Nf3 Be7 5. Bf4 O-O 6. e3 Nh5 7. Bd3 dxc4 8.
Bxc4 Nxf4 9. exf4 a6 10. a4 Qd6 11. Qd2 Rd8 12. Qe3 Qb4 13. b3 Nd7 14. O-O Nf6
15. Ne5 Nd5 16. Nxd5 exd5 17. Be2 f6 18. Nf3 Bg4 19. Rac1 c6 20. h3 Bxf3 21.
Bxf3 Re8 22. Qc3 Qxc3 23. Rxc3 f5 24. Re3 Bf6 25. Rd1 Kf7 26. g4 g5 27. fxg5
Rxe3 28. fxe3 Bxg5 29. Kf2 fxg4 30. Bxg4 Ke7 31. Rg1 Kd6 32. Ke2 b5 33. Bf5 h6
34. Rg4 Re8 35. e4 dxe4 36. Rxe4 Rxe4+ 37. Bxe4 c5 38. axb5 axb5 1/2-1/2

[Event "Aktiv-Alliancen 2001"]
[Site "Taastrup"]
[Date "2001.02.17"]
[Round "9"]
[White "Lund, Silas"]
[Black "Tolstrup, Thomas"]
[Result "1-0"]
[WhiteElo "2261"]
[BlackElo "1948"]
[PlyCount "63"]
[EventDate "2001.??.??"]

1. c4 Nf6 2. Nc3 c5 3. Nf3 g6 4. d4 cxd4 5. Nxd4 Bg7 6. e4 Nc6 7. Be3 O-O 8.
Be2 d6 9. O-O Bd7 10. Qd2 Nxd4 11. Bxd4 Bc6 12. f3 a5 13. Rab1 a4 14. b4 axb3
15. axb3 Nd7 16. Bxg7 Kxg7 17. b4 b6 18. Nd5 Re8 19. f4 f6 20. Rb3 Qb8 21. Rh3
Bxd5 22. cxd5 Qa7 23. Bb5 Red8 24. e5 Nf8 25. f5 g5 26. e6 Qa2 27. Qd4 Rdb8 28.
Rc1 Ra3 29. Rxa3 Qxa3 30. Rc7 Kg8 31. Rxe7 Qc1+ 32. Bf1 1-0

[Event "Aktiv-Alliancen 2001"]
[Site "Taastrup"]
[Date "2001.02.17"]
[Round "9"]
[White "Auchenberg, Per"]
[Black "Nielsen, Borge Hjerrild"]
[Result "1/2-1/2"]
[WhiteElo "1834"]
[BlackElo "2125"]
[PlyCount "74"]
[EventDate "2001.??.??"]

1. e4 c6 2. d4 d5 3. Nd2 dxe4 4. Nxe4 Nd7 5. Nf3 Ngf6 6. Nxf6+ Nxf6 7. Bc4 Bf5
8. Ne5 e6 9. O-O Be7 10. c3 O-O 11. Qe2 Qc7 12. g4 Bg6 13. h4 h6 14. Nxg6 fxg6
15. g5 Nd5 16. Qxe6+ Kh8 17. Bxd5 cxd5 18. gxh6 Bxh4 19. Qe5 Qxe5 20. dxe5 gxh6
21. Be3 Kg7 22. Kg2 h5 23. Rad1 Rfd8 24. Bd4 Kf7 25. f4 Ke6 26. Kh3 Be7 27. f5+
gxf5 28. Rg1 Rg8 29. Rxg8 Rxg8 30. Bxa7 Ra8 31. Bd4 Rxa2 32. Rd2 f4 33. Rg2 Ra6
34. Rg6+ Kf5 35. Rg7 Re6 36. Rg8 b6 37. Re8 Bc5 1/2-1/2

[Event "Aktiv-Alliancen 2001"]
[Site "Taastrup"]
[Date "2001.02.17"]
[Round "9"]
[White "Nielsen, John Holm"]
[Black "Nilsson, Nils Specht"]
[Result "1-0"]
[WhiteElo "1947"]
[BlackElo "2214"]
[PlyCount "110"]
[EventDate "2001.??.??"]

1. Nc3 d5 2. e4 dxe4 3. Nxe4 Bf5 4. Qf3 Bxe4 5. Qxe4 c6 6. Bc4 Nf6 7. Qe2 Nbd7
8. Nf3 e6 9. d4 Be7 10. O-O O-O 11. Re1 Nd5 12. Bb3 Bf6 13. c4 Ne7 14. Bf4 Ng6
15. Bg3 a5 16. Bc2 Qb6 17. Rad1 Rfd8 18. b3 Ndf8 19. Qe4 Rd7 20. Ne5 Bxe5 21.
dxe5 Rad8 22. Rxd7 Rxd7 23. Rd1 Qc5 24. Kf1 Qa3 25. Rxd7 Nxd7 26. Bb1 h5 27. h4
Qc1+ 28. Ke2 Nc5 29. Qc2 Qh1 30. Kf3 Qe1 31. Qb2 Qd1+ 32. Ke3 Ne7 33. f4 Qg4
34. Bf2 Nf5+ 35. Bxf5 exf5 36. Be1 Ne6 37. g3 c5 38. Qe2 Qh3 39. Qf2 b6 40. Bc3
Qh1 41. Qd2 Kh7 42. Qe2 Kg6 43. Qd2 Qb1 44. Kf2 Qe4 45. Qe3 Nd8 46. Qxe4 fxe4
47. Ke3 Kf5 48. Be1 Nc6 49. Bc3 g6 50. a3 Ne7 51. b4 axb4 52. axb4 cxb4 53.
Bxb4 Nc6 54. Bc3 Nb8 55. Bb4 Nd7 1-0

[Event "Aktiv-Alliancen 2001"]
[Site "Taastrup"]
[Date "2001.02.17"]
[Round "9"]
[White "Pedersen, Bent O"]
[Black "Pallesen, Jacob"]
[Result "0-1"]
[WhiteElo "1696"]
[BlackElo "2108"]
[PlyCount "87"]
[EventDate "2001.??.??"]

1. e4 c5 2. Nf3 e6 3. d4 cxd4 4. Nxd4 Nc6 5. Nc3 Qc7 6. Be3 a6 7. Be2 Nf6 8.
O-O Bb4 9. f3 O-O 10. Nb1 d5 11. a3 Bc5 12. exd5 Nxd5 13. Bf2 Nxd4 14. Bxd4 Ne3
15. Bxe3 Bxe3+ 16. Kh1 Rd8 17. Bd3 Bd7 18. Qe1 Qb6 19. Nc3 Rac8 20. Ne4 f5 21.
Nd6 Qxd6 22. Qxe3 Qc5 23. Rfe1 Kf7 24. Qf4 Bb5 25. Bxb5 Qxb5 26. c3 Rd3 27.
Rab1 Rcd8 28. h3 Qd5 29. Qe5 Rd2 30. Qxd5 R8xd5 31. c4 R5d3 32. b3 Ra2 33. Red1
Rdd2 34. b4 Ke7 35. Rxd2 Rxd2 36. Kg1 Kd6 37. Rc1 e5 38. Kf1 e4 39. fxe4 fxe4
40. Rc3 Ke5 41. Rg3 g6 42. Rg5+ Kd4 43. Rd5+ Ke3 44. Rg5 0-1

[Event "Aktiv-Alliancen 2001"]
[Site "Taastrup"]
[Date "2001.02.17"]
[Round "9"]
[White "Nielsen, Jens Holm"]
[Black "Nielsen, Michael"]
[Result "1-0"]
[WhiteElo "2071"]
[BlackElo "1739"]
[PlyCount "71"]
[EventDate "2001.??.??"]

1. Nc3 e5 2. Nf3 Nc6 3. d4 exd4 4. Nxd4 Bc5 5. Nf5 Qf6 6. e4 Nge7 7. Ne3 d6 8.
Be2 O-O 9. O-O Nd4 10. Ncd5 Nxd5 11. Nxd5 Nxe2+ 12. Qxe2 Qd8 13. b4 Bd4 14. c3
Bf6 15. Nxf6+ Qxf6 16. Bb2 Qg6 17. Rfe1 f5 18. e5 f4 19. f3 dxe5 20. Qxe5 Bh3
21. Qe2 Rae8 22. Qf2 Bd7 23. c4 a6 24. Re5 Bc6 25. Rd1 Rxe5 26. Bxe5 Qf7 27.
Qb2 g5 28. b5 axb5 29. cxb5 Bd5 30. Rc1 c6 31. bxc6 Bxc6 32. Rd1 h5 33. Rd6 Qf5
34. Rh6 Qd7 35. Rh8+ Kf7 36. Rh7+ 1-0

[Event "Aktiv-Alliancen 2001"]
[Site "Taastrup"]
[Date "2001.02.17"]
[Round "9"]
[White "Karlsen, Arne"]
[Black "Petersen, Nils"]
[Result "0-1"]
[WhiteElo "2017"]
[BlackElo "2039"]
[PlyCount "134"]
[EventDate "2001.??.??"]

1. e4 c5 2. Nf3 Nc6 3. d4 cxd4 4. Nxd4 e5 5. Nb3 Bb4+ 6. c3 Be7 7. Be3 Nf6 8.
N1d2 d5 9. exd5 Nxd5 10. Bc5 O-O 11. Be2 Nf4 12. O-O Bxc5 13. Nxc5 Qd5 14. Nce4
Nxe2+ 15. Qxe2 f5 16. Ng3 Rd8 17. Rfd1 Qd3 18. Nc4 Qxe2 19. Rxd8+ Nxd8 20. Nxe2
Nf7 21. f4 exf4 22. Nxf4 g5 23. Ne2 Be6 24. Ne3 f4 25. Nc2 Rd8 26. Ned4 Bd5 27.
Re1 Kf8 28. Nb4 a5 29. Nd3 Re8 30. Rxe8+ Kxe8 31. a3 Bc4 32. Nc5 b6 33. Ne4 h6
34. Kf2 Ne5 35. b4 Bd3 36. Nf6+ Kf7 37. Nd5 Nc4 38. a4 Be4 39. Nc7 Nb2 40. bxa5
bxa5 41. Ncb5 Bd3 42. Nd6+ Kg6 43. Nb7 Nxa4 44. Nxa5 Nxc3 45. Nac6 Kf6 46. h3
Be4 47. Nd8 Bd5 48. g4 Ne4+ 49. Ke2 Nd6 50. N8c6 Bg2 51. h4 Bxc6 52. Nxc6 gxh4
53. Nd4 h3 54. Kf3 h2 55. Kg2 h1=Q+ 56. Kxh1 Kg5 57. Kg2 Kxg4 58. Nf3 Nc4 59.
Nh2+ Kf5 60. Kf3 h5 61. Nf1 Ne5+ 62. Kg2 Ke4 63. Kh3 Nf3 64. Kg2 Ng5 65. Nd2+
Ke3 66. Nc4+ Ke2 67. Ne5 f3+ 0-1

[Event "Aktiv-Alliancen 2001"]
[Site "Taastrup"]
[Date "2001.02.17"]
[Round "9"]
[White "Foslund, Peter"]
[Black "Zyde, Fadmal"]
[Result "0-1"]
[WhiteElo "1649"]
[BlackElo "1700"]
[PlyCount "113"]
[EventDate "2001.??.??"]

1. c4 Nf6 2. Nc3 Nc6 3. d3 e5 4. g3 d5 5. cxd5 Nxd5 6. Bg2 Bb4 7. Bd2 Bxc3 8.
bxc3 Qd6 9. Qb3 Nb6 10. Nf3 Be6 11. c4 O-O 12. Ng5 Nd4 13. Qb1 Rab8 14. e3 Nc6
15. Nxe6 Qxe6 16. a4 Rfd8 17. a5 Na8 18. O-O Qd7 19. d4 exd4 20. exd4 Qxd4 21.
Be3 Qxc4 22. Rc1 Qe6 23. a6 bxa6 24. Qc2 Nd4 25. Bxd4 Rxd4 26. Bxa8 Rxa8 27.
Qxc7 Qb6 28. Qc3 Rad8 29. Qf3 Rd3 30. Qf5 g6 31. Qf4 a5 32. Rcb1 Qc6 33. Rd1
Qd6 34. Qxd6 R3xd6 35. Rxd6 Rxd6 36. Rxa5 Rd7 37. h4 h5 38. Kg2 Kf8 39. Kf3 Ke8
40. Ra4 Ke7 41. g4 hxg4+ 42. Kxg4 Kd6 43. h5 gxh5+ 44. Kxh5 Kc6 45. f4 Kb5 46.
Ra1 a5 47. f5 a4 48. Kh6 Ra7 49. f6 a3 50. Kg7 Kb4 51. Re1 a2 52. Rh1 Rb7 53.
Rh4+ Ka3 54. Rh3+ Rb3 55. Rxb3+ Kxb3 56. Kxf7 a1=Q 57. Ke8 0-1